| 000 | 01468cam a2200289 i 4500 | ||
|---|---|---|---|
| 001 | 18979830 | ||
| 005 | 20240828133613.0 | ||
| 008 | 160218s2017 mau 000 0 eng | ||
| 010 | _a 2016007313 | ||
| 020 | _a9780134220130 | ||
| 040 |
_aDLC _beng _cDLC _erda _dDLC |
||
| 042 | _apcc | ||
| 082 | 0 | 0 | _a621.381,TOC |
| 100 | 1 |
_aWidmer, Neal S., _eauthor. _9103326 |
|
| 245 | 1 | 0 |
_aDigital systems : _bprinciples and applications / _cNeal S. Widmer, Purdue University, Gregory L. Moss, Purdue University, Ronald J. Tocci, Monroe Community College. |
| 250 | _aTwelfth edition. | ||
| 264 | 1 |
_aBoston : _bPearson, _c[2017] |
|
| 300 |
_axx, 1004 pages ; _c29 cm |
||
| 336 |
_atext _btxt _2rdacontent |
||
| 337 |
_aunmediated _bn _2rdamedia |
||
| 338 |
_avolume _bnc _2rdacarrier |
||
| 505 | _aIntroductory to Concepts (Page-22), Number Systems and Cods (Page-56), Describing Logic Circuits (Page-88), Combinational Logic Circuits (Page-156), Flip Flops and Related Devices (Page-256), Digital Arithmetic :Operations and Circuits (Page-360), Counters and Register (Page-428), Integrated Circuits Logic Families (Page-570), MSI Logic Circuits (Page-658), Digital System Projects using UML (Page-764), Interfacing with the Analog World (Page-814), Memory Devices (Page-886), Programmable Logic Devices (Page-960). | ||
| 650 | 0 | _aDigital electronics. | |
| 700 | 1 |
_aMoss, Gregory L., _eauthor. _9125437 |
|
| 700 | 1 |
_aTocci, Ronald J., _eauthor. _966452 |
|
| 942 |
_2ddc _cREF |
||
| 999 |
_c611189 _d611189 |
||